| 000 | 00457cam a22001217a 4500 | ||
|---|---|---|---|
| 008 | 180718b1952 xxu||||| |||| 00| 0 eng d | ||
| 082 | _aT19x42 Un3ec | ||
| 245 |
_aEconomic survey of the colonial territories 1951 _cby Colonial Office |
||
| 260 |
_aLondon _bHer Majesty's Stationery Office _c1952 |
||
| 300 | _a274p | ||
| 500 | _aLibrary has v.1: Central African and high commissio territories, v.5: The far eastern territories | ||
| 700 | _aU.K. Colonial Office | ||
| 999 |
_c421902 _d421902 |
||